| 000 | 00730nam a2200205 i 4500 | ||
|---|---|---|---|
| 001 | 189548 | ||
| 003 | ES-MaACL | ||
| 005 | 20230906223511.0 | ||
| 007 | t| | ||
| 008 | 190611s1949 sp r ||||1| spa d | ||
| 100 | 1 |
_aUgarte, Jesús. _9111890 |
|
| 245 | 1 | 0 |
_aFitoquímica forestal. _pSegunda parte. |
| 260 |
_aMadrid : _bInstituto Forestal de Investigaciones y Experiencias, _c1949. |
||
| 300 |
_a109 p., [1] h.pleg. de map. : _bgraf. ; _c24 cm. |
||
| 490 | 1 |
_aInstituto Forestal de Investigaciones y Experiencias ; _vAño XX nº 44 |
|
| 650 | 4 |
_aFitoquímica. _9164850 |
|
| 830 | 0 |
_aInstituto Forestal de Investigaciones y Experiencias ; _vAño XX nº 44 _9181435 |
|
| 852 |
_aES-MaACL _jP-569-Bis-31 |
||
| 999 |
_c189548 _d189548 |
||